000 00939nam a2200313 a 4500
001 000012130
003 DO-SdBPM
005 20260324083139.0
007 ta
008 091105s2004 dr 000 f spa d
020 _a999340456X
040 _aDO-SdBPM
_bspa
_cBPMSU
_drda
082 0 4 _aRD863.44
_bD473L 2004
_222
100 1 _aDespradel, Fernando,
_d1953 -
_eautor
_4aut.
245 1 0 _aLuz y sombra en el pantano /
_cFernando Despradel.
260 _a
_b
_c
264 _aSanto Doming
_bEdiciones Bar Fernandito,
_c2004.
300 _a183 páginas ;
_c21 cm.
336 _atexto
_btxt
_2rdacontent
337 _asin mediación
_bn
_2rdamedia
338 _avolumen
_bnc
_2rdacarrier
590 _aInventariado, 2026/VM
650 7 _aNovela dominicana
650 7 _aLiteratura dominicana.
650 z _aDominican fictions
650 z _aDominican literature
910 _aVMateo V. Control de calidad BPMSU
942 _2ddc
_cBK
999 _c15762
_d15762